000 00812cam a22002531a 4500
001 he 67000341
003 DLC
005 20260227111444.0
008 850226s1966 is 000 0 hebr
010 _ahe 67000341
035 _a(OCoLC)11736302
040 _aDLC
_cDGW
_dCU
_dDLC
042 _apremarc
050 0 0 _aPJ5054.E488
_bA19 1966
100 1 _aEliraz, Israel.
245 1 0 _aSheloshah maḥazot /
_cYiśraʼel Eliraz.
260 _a[Israel] :
_bHotsaʼat agudat ha-sofrim be-Yiśraʼel le-yad hotsaʼat "Masadah",
_c1966.
300 _a147 p. ;
_c23 cm.
440 0 _aSifriyat maḳor
505 0 _a1. Shalosh nashim be-tsahov -- 2. ha-Dov -- 3. Raḥoḳ min ha-yam-raḥoḳ min ha-ḳayits.
740 0 _aShalosh nashim be-tsahov.
740 0 _aha-Dov.GW
740 0 _aRaḥoḳ min ha-yam.
999 _c32165
_d32165